[Event "Nuremberg op"]
[Site "Nuremberg"]
[Date "2019.11.17"]
[Round "4"]
[White "Sollner, Jakob"]
[Black "Neuhoff, Laertes"]
[Result "1/2-1/2"]
[WhiteElo "1405"]
[BlackElo "1497"]
[PlyCount "138"]
[EventDate "2019.11.15"]
[EventType "swiss"]
[EventRounds "5"]
[EventCountry "GER"]
[SourceTitle "CBM 193 Extra"]
[Source "ChessBase"]
[SourceDate "2020.01.31"]
[SourceVersion "1"]
[SourceVersionDate "2020.01.31"]
[SourceQuality "1"]

1. d4 Nf6 2. c4 g6 3. Nc3 d5 4. cxd5 Nxd5 5. e4 Nxc3 6. bxc3 Bg7 7. Bd3 c5 8. Bb5+ Bd7 9. Bxd7+ Qxd7 10. Ne2 cxd4 11. cxd4 0-0 12. 0-0 Rd8 13. Be3 Nc6 14. e5 Qg4 15. f4 Qf5 16. Qb3 Rab8 17. Rac1 Qe4 18. Rfd1 e6 19. Ng3 Qd5 20. Qxd5 exd5 21. f5 f6 22. exf6 Bxf6 23. fxg6 hxg6 24. Bf2 Rbc8 25. Rc2 Ne7 26. Rdc1 Bg5 27. Rxc8 Rxc8 28. Rxc8+ Nxc8 29. Ne2 Kf7 30. h4 Bh6 31. g4 g5 32. h5 Ne7 33. Kg2 Kf6 34. Kf3 Bf8 35. Nc3 a6 36. Na4 Nc6 37. Nc5 Bxc5 38. dxc5 Ne5+ 39. Kg3 Nc6 40. Be1 d4 41. Bd2 Ne5 42. a3 Nc4 43. Bb4 a5 44. c6 bxc6 45. Bc5 d3 46. Kf2 Nd2 47. Bd4+ Kf7 48. Ke3 Nc4+ 49. Kxd3 Nxa3 50. Bc5 Nb5 51. Kc2 a4 52. Kb2 Kf6 53. Kc2 Kf7 54. Kb2 Nc7 55. Ka3 Nd5 56. Kxa4 Nf6 57. Ka5 Nxg4 58. Kb6 Nf6 59. Kxc6 Nxh5 60. Kd5 Kg6 61. Ba7 Kf5 62. Kd4 Nf6 63. Ke3 Kg4 64. Kf2 Ne4+ 65. Kg2 Kf4 66. Kh1 g4 67. Kg2 g3 68. Bb8+ Kg4 69. Bxg3 Nxg3 1/2-1/2

[Event "Nuremberg op"]
[Site "Nuremberg"]
[Date "2019.11.16"]
[Round "3"]
[White "Albayrak, Berrak"]
[Black "Sollner, Jakob"]
[Result "1-0"]
[WhiteElo "1625"]
[BlackElo "1405"]
[PlyCount "113"]
[EventDate "2019.11.15"]
[EventType "swiss"]
[EventRounds "5"]
[EventCountry "GER"]
[SourceTitle "CBM 193 Extra"]
[Source "ChessBase"]
[SourceDate "2020.01.31"]
[SourceVersion "1"]
[SourceVersionDate "2020.01.31"]
[SourceQuality "1"]

1. e4 c5 2. Nf3 d6 3. d4 cxd4 4. Nxd4 Nf6 5. Nc3 a6 6. f3 e5 7. Nb3 Be6 8. Be3 Be7 9. Qd2 0-0 10. 0-0-0 b5 11. h4 b4 12. Nd5 Nxd5 13. exd5 Bd7 14. Qxb4 Qc8 15. g4 f5 16. gxf5 Bxf5 17. Rd2 Nd7 18. Qc4 a5 19. Qxc8 Rfxc8 20. Bh3 Bxh3 21. Rxh3 a4 22. Na1 Nf6 23. Rh1 Ra5 24. Rhd1 Nh5 25. Kb1 Nf4 26. c3 Rb5 27. Kc1 Bxh4 28. Bxf4 exf4 29. Nc2 Bf6 30. Re1 Be5 31. Re4 g5 32. Rxa4 Kg7 33. Ra7+ Kg6 34. Rh2 h5 35. Rd2 h4 36. a4 Rbc5 37. Ne1 R5c7 38. Ra6 Kf5 39. Nd3 h3 40. Rh2 Rh8 41. Nf2 Rg7 42. Rxh3 Rxh3 43. Nxh3 g4 44. fxg4+ Kxg4 45. Nxf4 Kxf4 46. Rb6 Ke4 47. Rb5 Kd3 48. Kb1 Kc4 49. Ka2 Ra7 50. Ka3 Bf4 51. Rb4+ Kxd5 52. Rxf4 Kc5 53. b4+ Kc6 54. c4 Re7 55. Rf3 Re4 56. Kb3 Kb6 57. a5+ 1-0